Ordo Sacri Peragendi ad norman calendarii instaurati / (Record no. 110379)
[ view plain ]
| 000 -LEADER | |
|---|---|
| campo de control de longitud fija | 00439nam a2200145 4500 |
| 001 - NÚMERO DE CONTROL | |
| campo de control | 110379 |
| 003 - IDENTIFICADOR DE NÚMERO DE CONTROL | |
| campo de control | ES-MaACL |
| 005 - FECHA Y HORA DE LA ÚLTIMA TRANSACCIÓN | |
| campo de control | 20230906185036.0 |
| 007 - CAMPO FIJO DE DESCRIPCIÓN FÍSICA--INFORMACIÓN GENERAL | |
| campo de control de longitud fija | t| |
| 008 - DATOS DE LONGITUD FIJA--INFORMACIÓN GENERAL | |
| campo de control de longitud fija | 061121s1971 sp r ||||1| lat d |
| 245 00 - MENCIÓN DEL TÍTULO | |
| Título | Ordo Sacri Peragendi ad norman calendarii instaurati / |
| Mención de responsabilidad, etc. | pro Missionariis C. M. FF. ad annum Domini 1972. |
| 260 ## - PUBLICACIÓN, DISTRIBUCIÓN, ETC. | |
| Lugar de publicación, distribución, etc. | Matriti : |
| Nombre del editor, distribuidor, etc. | Coculsa, |
| Fecha de publicación, distribución, etc. | 1971. |
| 300 ## - DESCRIPCIÓN FÍSICA | |
| Extensión | 48 p. ; |
| Dimensiones | 17 cm. |
| 852 ## - LOCALIZACIÓN | |
| Ubicación | ES-MaACL |
| Número de control de estantería | 2079-F-7 |
| Sublocalización o colección | R.81745 |
| Estatus retirado | Estado de pérdida | Estado de daño | No para préstamo | Colección | Biblioteca de origen | Biblioteca actual | Ubicación en estantería | Fecha de adquisición | Fuente de adquisición | Total de préstamos | Signatura topográfica completa | Código de barras | Visto por última vez | Precio de reemplazo | Tipo de ítem Koha |
|---|---|---|---|---|---|---|---|---|---|---|---|---|---|---|---|
| Colección de folletos | Biblioteca del Ateneo de Madrid | Biblioteca del Ateneo de Madrid | Depósito folletos | 17/01/2008 | 2079-F-7 | 1115160 | 23/02/2023 | 23/02/2023 | Folleto |
